World Series Apperances - Statistics

General Stats
  • This quiz has been taken 476 times
  • The average score is 8 of 10
Answer Stats
Answer % Correct
New York Yankees
100%
Cincinnati Reds
96%
Los Angeles Dodgers
92%
Boston Red Sox
91%
St. Louis Cardinals
89%
San Francisco Giants
87%
Atlanta Braves
75%
Chicago Cubs
72%
Oakland Athletics
69%
Detroit Tigers
67%
No matching quizzes found
Score Distribution
Percent of People with Each Score
Percentile by Number Answered
Your Score History
You have not taken this quiz